Subdivision capitals closest to Cocieri (MD) - Statistics

General Stats
  • This quiz has been taken 9 times
  • The average score is 13 of 20
Answer Stats
Distance (km) Answer % Correct
4 38 Chișinău
100%
13 66 Tiraspol/Tiraspolj
100%
7 49 Anenii Noi
75%
9 60 Călărași (MD)
75%
16 78 Căușeni
75%
20 91 Cimișlia
75%
1 5 Dubăsari
75%
14 66 Hîncești
75%
6 48 Ialoveni
75%
15 75 Nisporeni
75%
3 23 Orhei
75%
8 50 Rezina
75%
5 41 Strășeni
75%
10 60 Telenești
75%
11 61 Bender/Tighina
50%
2 11 Criuleni
50%
19 89 Florești
50%
12 61 Șoldănești
50%
18 82 Sîngerei
25%
17 82 Taraclia
0%
No matching quizzes found
Score Distribution
Percent of People with Each Score
Percentile by Number Answered
Your Score History
You have not taken this quiz